Tolkien Region Spotlight - Valinor - Statistics

General Stats
  • This quiz has been taken 95 times
    93 since last reset
  • The average score is 13 of 22
Answer Stats
Answer % Correct
Halls of {Mandos}
98%
Earendil
87%
Gardens of {Lorien}
85%
Ar-Pharazon
83%
Telperion
83%
Alqualonde
82%
Laurelin
82%
Tirion upon Tuna
80%
Tol Eressea
73%
Taniquetil
72%
Valmar
67%
Pelori
58%
Straight Road
47%
Almaren
43%
Rumil
42%
Eldamar
38%
Ezellohar
38%
Ring of Doom
38%
Avathar
37%
Calacirya
32%
Avallone
30%
Araman
28%
No matching quizzes found
Score Distribution
Percent of People with Each Score
Percentile by Number Answered
Your Score History
You have not taken this quiz since the last reset